000 00280nam a22001217a 4500
003 SGT
082 _a370,PRI
100 _a YADAV, PRIYANKA.
245 _aDEVELOPMENTS IN EDUCATION AND SPECIAL EDUCATION
260 _aNEW DELHI
_bRIP PUB.
_c2024
300 _a198
942 _2ddc
_cBK
999 _c29105
_d29105